000 00441nam a22001817a 4500
999 _c7848
_d7846
005 20220120122147.0
008 220120b ||||| |||| 00| 0 eng d
020 _a978-93-88902-75-5
041 _aeng
082 _a611.9
100 _aCHAURASIA'S, B.D
_96966
245 _aHUMAN ANATOMY:HEAD AND NECK [VOL-3]
250 _a8TH, ED.
260 _aNEW DELHI
_bC.B.S PVT LTD
_c2020
300 _a365;p
650 _aBPT
_96963
942 _cBK